Komunikácia a čerpanie európskych fondov

Kvalitná a správne načasovaná komunikácia aplikujúca účinné komunikačné nástroje tvorila základný predpoklad flexibilného čerpania štrukturálnych fondov Európskej únie, ktoré malo Slovensko k dispozícii v rámci tzv. skráteného programového obdobia v rokoch 2004 - 2006. Komunikácia a proces implement...

ver descrição completa

Na minha lista:
Detalhes bibliográficos
Autor principal: Szarková, Miroslava, 1951-
Outros Autores: Drgová, Alexandra
Formato: Capítulo de Livro
Idioma:eslovaco
Assuntos:
Tags: Adicionar Tag
Sem tags, seja o primeiro a adicionar uma tag!

MARC

LEADER 00000naa$a2200000$$$4500
001 0074297
005 20240502071859.4
041 0 |a slo 
044 |a SK 
245 1 0 |a Komunikácia a čerpanie európskych fondov  |c Miroslava Szarková, Alexandra Drgová 
520 |a Kvalitná a správne načasovaná komunikácia aplikujúca účinné komunikačné nástroje tvorila základný predpoklad flexibilného čerpania štrukturálnych fondov Európskej únie, ktoré malo Slovensko k dispozícii v rámci tzv. skráteného programového obdobia v rokoch 2004 - 2006. Komunikácia a proces implementácie pomoci čerpania štrukturálnych fondov v programovom období 2007 - 2013. 
610 2 0 |a komunikácia 
610 2 0 |a komunikácia manažérska 
610 2 0 |a komunikácia marketingová 
610 2 0 |a fondy štruktúrne 
610 2 0 |a Slovensko 
100 1 |a Szarková, Miroslava, 1951- 
700 1 |a Drgová, Alexandra